Statistiques concernant personnage de Dragon ball Z

Cliquez ici pour prendre le quiz!

Statistiques générales

  • Ce quiz a été pris 494 fois
  • Le résultat moyen est 10 sur 15

Statistiques - réponses

HintRéponse% Correct
1son goku
100%
2vegeta
98%
3son gohan
95%
4trunks
86%
5son goten
83%
13yamcha
81%
9piccolo
80%
12krillin
69%
14ten shin han
64%
11tortue genial
57%
15chaozu
54%
6vegeto
31%
7gogeta
29%
8gotenks
28%
10nail
14%

Distribution des résultats

Percentile par nombre de réponses

% des personnes avec chaque résultat

Votre développement - résultats

Vous n’avez pas pris ce quiz